000 01273nam0a22003371 4500
001 v19\rc\1344538
005 20251120145522.0
035 _a(NLR Aleph) 004491762
090 _a4653100
_c4653100
100 _a20060512d1860 u y0rusy50 ca
101 1 _arus
_cger
102 _aRU
105 _aa z |||||
200 1 _aЧто такое душа?
_eБеседы с детьми о психологии с объяснит. картинками
_fСоч. Кампе
_gПер. с 12-го нем. изд. под ред. Гремина
210 _aСанкт-Петербург
_cС. Струговщиков, Г. Похитонов, Н. Водов и К°
_d1860
215 _a249 с.
_cил.
_d20
300 _aНа обл. вых. дан.: "Изд. т-ва "Обществ. польза"
316 _aЭкз РНБ (18.93.5.7) утрачен в 1943 г.
_5NLR
700 1 _aКампе
_bИ.Г.
_f1746-1818
_gИоахим Генрих
702 1 _aГремин
_4340
801 0 _aRU
_bNLR
_gpsbo
801 0 _aRU
_bRuMoRGB
_2psbo
801 1 _aRU
_bProSoft-M
_2rusmarc
852 _aNLR
_j18.93.5.7
899 _aRuMoRGB
_jO 31/723
899 _aRuMoRGB
_jV 159/207
899 _aRuMoRGB
_jU 409/271
899 _aБАН
942 _cBOOK
980 _aNB